| 000 | 00983cam a2200277 i 4500 | ||
|---|---|---|---|
| 001 | xx004835681 | ||
| 003 | NUKAT | ||
| 005 | 20260219144524.0 | ||
| 008 | 200329s1984 pl |000 0 pol c | ||
| 035 | _a(OCoLC)1413699351 | ||
| 035 | _a(NUKAT)xx004835681 | ||
| 040 |
_aTOR U/DCI _bpol _erda _cTOR U/DCI _dTOR U/DCI _dTOR U/JSzs |
||
| 099 | _ahh_2860057 | ||
| 100 | 1 |
_aSkutnik, Tadeusz _d(1947-2011). _eAutor _936853 |
|
| 245 | 1 | 0 |
_aMarynistyka według Bądkowskiego / _cTadeusz Skutnik. |
| 250 | _aWydanie pierwsze. | ||
| 260 |
_aGdańsk : _bWydawnictwo Instytutu Morskiego, _c1984. |
||
| 300 |
_a13 stron ; _c21 cm. |
||
| 336 |
_aTekst _btxt _2rdacontent |
||
| 337 |
_aBez urządzenia pośredniczącego _bn _2rdamedia |
||
| 338 |
_aWolumin _bnc _2rdacarrier |
||
| 500 | _aOpis według okładki. | ||
| 600 | 1 | 7 |
_aBądkowski, Lech _d(1920-1984) _xkrytyka i interpretacja. _2kaba _936852 |
| 710 | 2 |
_aInstytut Morski (Gdańsk). _bWydawnictwo. _eWydawca _4pbl _929183 |
|
| 942 |
_2ddc _cBK_NM |
||
| 999 |
_c26677 _d26677 |
||